| 000 | 00382nam a2200145Ia 4500 | ||
|---|---|---|---|
| 008 | 240624s9999 xx 000 0 und d | ||
| 041 | _aeng | ||
| 082 | _a330.9 MIS | ||
| 100 | _aMISRA S K | ||
| 245 | _aECONOMICS OF DEVELOPMENT AND PLANNING TH | ||
| 250 | _a(12th ed.) | ||
| 260 |
_c2006 _aNew Delhi _bHimalaya Publishing House |
||
| 300 | _a915 : p. : cm. ; 24 | ||
| 365 |
_cRS _b25 |
||
| 999 |
_c12057 _d12057 |
||